L'uccisore di draghi

Đã lưu trong:
Chi tiết về thư mục
Tác giả chính: Weaver, Legs
Định dạng: Sách
Ngôn ngữ:Tiếng Anh
Các nhãn: Thêm thẻ
Không có thẻ, Là người đầu tiên thẻ bản ghi này!

MARC

LEADER 00000nam a2200000 4500
001 CDOM0000002815
003 mi
005 20250828173819.0
008 250721b |||||||| |||| 00| 0 eng d
040 |c mi 
100 |a Weaver, Legs 
245 1 |a L'uccisore di draghi  
942 |2 ddc  |c BK 
952 |0 0  |1 0  |2 ddc  |4 0  |7 0  |9 6252  |a MI  |b MI  |d 2006-10-16  |i 5269  |l 0  |p CDOM5269  |r 2025-07-13 16:28:00  |w 2025-07-13  |x ACQUISTO  |y BK 
999 |c 5008  |d 5008